Advances in cell culture. V 01 (Record no. 36774)

MARC details
000 -LEADER
fixed length control field 00347nam a2200133Ia 4500
082 ## - DEWEY DECIMAL CLASSIFICATION NUMBER
Classification number 57.085.23
Item number ADV.1
245 #0 - TITLE STATEMENT
Title Advances in cell culture. V 01
260 ## - PUBLICATION, DISTRIBUTION, ETC. (IMPRINT)
Place of publication New York
Name of publisher Academic
Year of publication 1981
650 ## - SUBJECT ADDED ENTRY--TOPICAL TERM
Topical Term Cell culture
650 ## - SUBJECT ADDED ENTRY--TOPICAL TERM
Topical Term Plant organogenesis
700 ## - ADDED ENTRY--PERSONAL NAME
Personal name Maramorosch, Karl
942 ## - ADDED ENTRY ELEMENTS (KOHA)
Koha item type Books
Holdings
Withdrawn status Lost status Damaged status Not for loan Home library Current library Date acquired Full call number Accession Number Koha item type
        RRII Library RRII Library 16/12/2021 57.085.23 ADV.1 17175 Books